[Event "Buenos Aires Finde Largo op 2nd"]
[Site "Buenos Aires"]
[Date "2018.10.15"]
[Round "5.2"]
[White "Mussanti, Diego"]
[Black "Arambel, Sergio Javier"]
[Result "1-0"]
[WhiteElo "2325"]
[BlackElo "2227"]
[PlyCount "70"]
[EventDate "2018.10.13"]
[EventType "swiss"]
[EventRounds "6"]
[EventCountry "ARG"]
[SourceTitle "EXT 2024"]
[Source "ChessBase"]
[SourceDate "2023.10.10"]
[SourceVersion "1"]
[SourceVersionDate "2023.10.10"]
[SourceQuality "1"]

1. e4 e6 2. d4 d5 3. Nc3 h6 4. Nf3 Nf6 5. Bd3 Bb4 6. e5 Ne4 7. Bd2 Nxd2 8. Qxd2 c5 9. a3 Qa5 10. dxc5 0-0 11. 0-0 Bxc3 12. bxc3 Qxc5 13. Rfb1 Nc6 14. a4 a6 15. Rb3 Qa5 16. Qe3 b5 17. Qc5 Bd7 18. Rba3 bxa4 19. Qd6 Nb8 20. Rb1 Rd8 21. Nd4 Be8 22. Qb6 Qxb6 23. Rxb6 Nd7 24. Rxa6 Nxe5 25. f4 Rxa6 26. Bxa6 Ng6 27. f5 exf5 28. Nxf5 Bd7 29. Ne3 Bc6 30. c4 dxc4 31. Bxc4 Rd2 32. Ra1 Ne5 33. Bf1 f6 34. Rc1 Kf7 35. h3 Rd8 1-0

[Event "Olavarria Checkmate A"]
[Site "Olavarria"]
[Date "2016.08.13"]
[Round "2.3"]
[White "Arambel, Sergio Javier"]
[Black "Sosa, Tomas Sebastian"]
[Result "0-1"]
[WhiteElo "2265"]
[BlackElo "2422"]
[PlyCount "70"]
[EventDate "2016.08.12"]
[EventType "swiss"]
[EventRounds "6"]
[EventCountry "ARG"]
[SourceTitle "EXT 2024"]
[Source "ChessBase"]
[SourceDate "2023.10.10"]
[SourceVersion "1"]
[SourceVersionDate "2023.10.10"]
[SourceQuality "1"]

1. Nf3 d6 2. d4 Nf6 3. g3 g6 4. Bg2 Bg7 5. b3 b5 6. 0-0 Bb7 7. Bb2 0-0 8. Nbd2 Nbd7 9. c4 bxc4 10. Nxc4 c5 11. dxc5 Nxc5 12. b4 Ne6 13. Na5 Be4 14. Nd4 Bxg2 15. Kxg2 Qb6 16. Nxe6 fxe6 17. Qb3 d5 18. Bxf6 Bxf6 19. Rac1 Rac8 20. a3 Kg7 21. Qd3 Rxc1 22. Rxc1 Bb2 23. Rf1 Rc8 24. Rb1 Bf6 25. Nb3 Rc3 26. Qd2 d4 27. f3 e5 28. Qa2 Qe6 29. Rb2 e4 30. Nc5 exf3+ 31. exf3 Qxa2 32. Rxa2 d3 33. Rd2 Rc2 34. Ne4 Bc3 35. Rf2 Be1 0-1

[Event "Olavarria Checkmate A"]
[Site "Olavarria"]
[Date "2016.08.12"]
[Round "1.8"]
[White "Fischer, Pablo"]
[Black "Arambel, Sergio Javier"]
[Result "0-1"]
[WhiteElo "2044"]
[BlackElo "2265"]
[PlyCount "82"]
[EventDate "2016.08.12"]
[EventType "swiss"]
[EventRounds "6"]
[EventCountry "ARG"]
[SourceTitle "EXT 2024"]
[Source "ChessBase"]
[SourceDate "2023.10.10"]
[SourceVersion "1"]
[SourceVersionDate "2023.10.10"]
[SourceQuality "1"]

1. d4 e6 2. c4 Bb4+ 3. Bd2 Qe7 4. Nf3 Nf6 5. a3 Bxd2+ 6. Nbxd2 d6 7. e4 e5 8. d5 a5 9. g3 a4 10. Bg2 Nbd7 11. 0-0 Nc5 12. Qc2 0-0 13. Ne1 b6 14. Nd3 Nxd3 15. Qxd3 Nd7 16. f4 Nc5 17. Qf3 exf4 18. gxf4 f5 19. Rae1 fxe4 20. Nxe4 Nxe4 21. Rxe4 Qf6 22. Rf2 Bf5 23. Re3 Qd4 24. Bf1 Rf6 25. Re7 Raf8 26. Qe3 Qxe3 27. Rxe3 Bg6 28. Re7 R6f7 29. Rxf7 Rxf7 30. Bh3 Bf5 31. Bxf5 Rxf5 32. Kg2 Rf7 33. Kg3 Re7 34. Kf3 Re1 35. Re2 Rc1 36. Re8+ Kf7 37. Ra8 Rxc4 38. Ra7 Kf6 39. Ke3 Kf5 40. Ra8 Rc2 41. Rxa4 h5 0-1

[Event "Mar del Plata op 47th"]
[Site "Mar del Plata"]
[Date "2016.03.20"]
[Round "3"]
[White "Flores, Diego"]
[Black "Arambel, Sergio Javier"]
[Result "1-0"]
[WhiteElo "2588"]
[BlackElo "2260"]
[PlyCount "65"]
[EventDate "2016.03.19"]
[EventType "swiss"]
[EventRounds "9"]
[EventCountry "ARG"]
[SourceTitle "CBM 171 Extra"]
[Source "ChessBase"]
[SourceDate "2016.04.26"]
[SourceVersion "1"]
[SourceVersionDate "2016.04.26"]
[SourceQuality "1"]

1. c4 Nf6 2. g3 e6 3. Bg2 d5 4. Nf3 Nbd7 5. 0-0 c6 6. b3 g6 7. d4 Bg7 8. Ba3 Ne4 9. e3 Ndf6 10. Ne5 Nd6 11. Nc3 0-0 12. Qc2 Re8 13. Rad1 Nf5 14. Rfe1 Nd7 15. Nf3 Qa5 16. Qc1 b5 17. b4 Qb6 18. c5 Qc7 19. e4 dxe4 20. Nxe4 Nf6 21. Nxf6+ Bxf6 22. Ne5 Bb7 23. Qf4 Bxe5 24. dxe5 a5 25. Bc1 Qe7 26. g4 Nh4 27. Be4 axb4 28. Qh6 Nf5 29. gxf5 exf5 30. Bxf5 Rxa2 31. e6 Bc8 32. Bg5 f6 33. Bxg6 1-0

[Event "Buenos Aires Duchamp Memorial op 5th"]
[Site "Buenos Aires"]
[Date "2013.03.25"]
[Round "4"]
[White "Arambel, Sergio Javier"]
[Black "Iermito, Sebastian"]
[Result "0-1"]
[WhiteElo "2292"]
[BlackElo "2463"]
[PlyCount "94"]
[EventDate "2013.03.23"]
[EventType "swiss"]
[EventRounds "8"]
[EventCountry "ARG"]
[SourceTitle "CBM 153 Extra"]
[Source "ChessBase"]
[SourceDate "2013.04.22"]
[SourceVersion "1"]
[SourceVersionDate "2013.04.22"]
[SourceQuality "1"]

1. c4 Nf6 2. g3 g6 3. Bg2 Bg7 4. Nc3 0-0 5. d4 d6 6. e3 c5 7. Nge2 Nc6 8. 0-0 Bd7 9. b3 Qc8 10. Re1 Rb8 11. Bb2 a6 12. Rc1 Rd8 13. e4 cxd4 14. Nxd4 Nxd4 15. Qxd4 Ng4 16. Qd1 Qc5 17. Re2 Nf6 18. h3 Rbc8 19. Nd5 Nxd5 20. cxd5 Qb6 21. Bxg7 Kxg7 22. Rec2 a5 23. Rxc8 Rxc8 24. Rxc8 Bxc8 25. Qc2 Bd7 26. Qc3+ f6 27. Bf1 Qc5 28. Qb2 b5 29. Qd2 b4 30. Kg2 Qc3 31. Qe2 a4 32. bxa4 Bxa4 33. Qc4 Bc2 34. f3 Bb1 35. a4 Qb2+ 36. Be2 Qa3 37. Qc7 Kf7 38. Qc8 Qxa4 39. Qe6+ Kf8 40. Qc8+ Kg7 41. Qc6 Qc2 42. Kf1 b3 43. Qd7 Kf7 44. Bb5 Qc1+ 45. Kf2 Qb2+ 46. Kg1 Qd4+ 47. Kh2 b2 0-1

[Event "Buenos Aires Duchamp Memorial op 5th"]
[Site "Buenos Aires"]
[Date "2013.03.24"]
[Round "1"]
[White "Alvarez, Agustin"]
[Black "Arambel, Sergio Javier"]
[Result "0-1"]
[WhiteElo "1856"]
[BlackElo "2292"]
[PlyCount "67"]
[EventDate "2013.03.23"]
[EventType "swiss"]
[EventRounds "8"]
[EventCountry "ARG"]
[SourceTitle "CBM 153 Extra"]
[Source "ChessBase"]
[SourceDate "2013.04.22"]
[SourceVersion "1"]
[SourceVersionDate "2013.04.22"]
[SourceQuality "1"]

1. Nf3 e6 2. g3 Nf6 3. Bg2 d5 4. d3 c5 5. Nbd2 g6 6. 0-0 Bg7 7. e4 0-0 8. Re1 Nc6 9. c3 b6 10. Qc2 Ba6 11. Nf1 h6 12. h4 e5 13. Qa4 Bb7 14. b4 cxb4 15. cxb4 a6 16. b5 axb5 17. Qxb5 d4 18. Nxe5 Nxe5 19. Qxe5 Nd5 20. Qxd5 Bxd5 21. exd5 Re8 22. Rd1 Rc8 23. Nd2 Rc2 24. Bf3 Re5 25. Nc4 Rf5 26. Bf4 g5 27. hxg5 hxg5 28. Bg4 gxf4 29. Bxf5 fxg3 30. fxg3 Qxd5 31. Be4 Qg5 32. Bg2 Qxg3 33. Rd2 Rxd2 34. Nxd2 0-1

[Event "Olavarria op 6th"]
[Site "Olavarria"]
[Date "2006.02.25"]
[Round "5.3"]
[White "Arambel, Sergio Javier"]
[Black "Flores, Diego"]
[Result "0-1"]
[WhiteElo "2306"]
[BlackElo "2494"]
[PlyCount "56"]
[EventDate "2006.02.23"]
[EventType "swiss"]
[EventRounds "5"]
[EventCountry "ARG"]
[SourceTitle "CBM 110 Extra"]
[Source "ChessBase"]
[SourceDate "2006.03.10"]
[SourceVersion "2"]
[SourceVersionDate "2006.03.10"]
[SourceQuality "1"]

1. Nf3 c5 2. c4 g6 3. Nc3 Bg7 4. e3 Nf6 5. d4 0-0 6. Be2 cxd4 7. exd4 d5 8. 0-0 Nc6 9. Bg5 Be6 10. cxd5 Bxd5 11. Be3 Qb6 12. Na4 Qc7 13. a3 Ng4 14. g3 Nxe3 15. fxe3 e5 16. dxe5 Rad8 17. Qc2 Bxe5 18. e4 Be6 19. Ng5 Bxg3 20. Nxe6 Bxh2+ 21. Kh1 fxe6 22. Bg4 Be5 23. Bxe6+ Kh8 24. Bh3 Qe7 25. Qc5 Rxf1+ 26. Rxf1 Qh4 27. Qe3 g5 28. Rg1 Rd2 0-1

[Event "American Continental 03rd"]
[Site "Buenos Aires"]
[Date "2005.08.16"]
[Round "11"]
[White "Lafuente, Pablo"]
[Black "Arambel, Sergio Javier"]
[Result "1-0"]
[WhiteElo "2435"]
[BlackElo "2295"]
[PlyCount "95"]
[EventDate "2005.08.06"]
[EventType "swiss"]
[EventRounds "11"]
[EventCountry "ARG"]
[SourceTitle "CBM 109"]
[Source "ChessBase"]
[SourceDate "2005.11.14"]
[SourceVersion "1"]
[SourceVersionDate "2005.11.14"]
[SourceQuality "1"]

1. d4 Nf6 2. c4 e6 3. Nc3 Bb4 4. Qc2 c5 5. dxc5 Bxc5 6. Nf3 Qb6 7. e3 Qc7 8. Be2 a6 9. 0-0 b6 10. b3 Bb7 11. Rd1 0-0 12. Bb2 Be7 13. Ng5 Rd8 14. Nce4 Nxe4 15. Nxe4 d6 16. Qc3 e5 17. Bf3 Ra7 18. Qe1 Nd7 19. Ba3 Nf6 20. Nxf6+ Bxf6 21. Bxb7 Rxb7 22. Rd5 Qb8 23. Rad1 Be7 24. Qd2 Rbd7 25. Bb2 f6 26. a4 Rc8 27. Ba3 Rc6 28. Rxe5 fxe5 29. Qd5+ Kh8 30. Qxc6 Qb7 31. Qxb7 Rxb7 32. Rd5 Rd7 33. a5 bxa5 34. c5 Kg8 35. cxd6 Bd8 36. Rxe5 Kf7 37. Rf5+ Ke8 38. Kf1 Rb7 39. d7+ Kxd7 40. Rf7+ Kc6 41. Rxb7 Kxb7 42. Ke2 Kc6 43. Kd3 Kb5 44. Bd6 a4 45. bxa4+ Kxa4 46. Kc4 Ka5 47. e4 Kb6 48. Kd5 1-0

[Event "Olavarria Magistral op 5th"]
[Site "Olavarria"]
[Date "2005.02.27"]
[Round "7"]
[White "Arambel, Sergio Javier"]
[Black "Giardelli, Sergio Carlos"]
[Result "1/2-1/2"]
[WhiteElo "2296"]
[BlackElo "2428"]
[PlyCount "118"]
[EventDate "2005.02.24"]
[EventType "swiss"]
[EventRounds "7"]
[EventCountry "ARG"]
[SourceTitle "CBM 105 Extra"]
[Source "ChessBase"]
[SourceDate "2005.05.01"]
[SourceVersion "1"]
[SourceVersionDate "2005.05.01"]
[SourceQuality "1"]

1. Nf3 Nf6 2. c4 e6 3. g3 d5 4. d4 Bb4+ 5. Bd2 a5 6. Qc2 0-0 7. Bg2 Nc6 8. 0-0 Bxd2 9. Nbxd2 b6 10. a3 Bb7 11. Rac1 Qe7 12. Rfd1 Rfd8 13. e3 Rac8 14. Qa4 Qd6 15. Rc2 Nb8 16. Rdc1 Bc6 17. Qb3 a4 18. Qb4 Qxb4 19. axb4 Be8 20. Ne5 Na6 21. Nd3 dxc4 22. Nxc4 Rb8 23. Nce5 Nd5 24. Nc6 Bxc6 25. Rxc6 Ndxb4 26. Nxb4 Nxb4 27. Rxc7 Nd3 28. R1c2 b5 29. Bf1 Nb4 30. Rc1 g5 31. R7c5 Nd5 32. Bxb5 g4 33. Bxa4 Rxb2 34. Rc8 Rxc8 35. Rxc8+ Kg7 36. Rc2 Rb4 37. Bd7 Rb7 38. Ba4 Rb4 39. Bd7 Rb7 40. Bc8 Rb1+ 41. Kg2 h5 42. Rd2 Nc3 43. Rc2 Nd5 44. h3 Nb4 45. Rd2 Rc1 46. Bb7 f5 47. hxg4 hxg4 48. Kh2 Kf6 49. Bg2 Rc3 50. e4 Rd3 51. Rxd3 Nxd3 52. exf5 exf5 53. f3 gxf3 54. Bxf3 Nb4 55. Kh3 Nc2 56. d5 Ke5 57. Kh4 Ne3 58. Kg5 Nf1 59. Kh4 Ne3 1/2-1/2

[Event "Olavarria Magistral op 5th"]
[Site "Olavarria"]
[Date "2005.02.25"]
[Round "4"]
[White "Arambel, Sergio Javier"]
[Black "Soppe, Guillermo"]
[Result "0-1"]
[WhiteElo "2296"]
[BlackElo "2451"]
[PlyCount "76"]
[EventDate "2005.02.24"]
[EventType "swiss"]
[EventRounds "7"]
[EventCountry "ARG"]
[SourceTitle "CBM 105 Extra"]
[Source "ChessBase"]
[SourceDate "2005.05.01"]
[SourceVersion "1"]
[SourceVersionDate "2005.05.01"]
[SourceQuality "1"]

1. c4 e6 2. g3 d5 3. d4 Nf6 4. Bg2 Bb4+ 5. Bd2 a5 6. Qc2 Nc6 7. Nf3 dxc4 8. Qxc4 Qd5 9. Qxd5 exd5 10. a3 Bxd2+ 11. Nbxd2 a4 12. Rc1 Ra6 13. Ne5 Rb6 14. e4 Nxd4 15. exd5 Rxb2 16. Rxc7 0-0 17. Ndc4 Re2+ 18. Kd1 Rxf2 19. Ne3 Nf5 20. N5c4 b5 21. Nxf5 Bxf5 22. Ne3 Bg6 23. Re1 Ra2 24. Rc3 h6 25. Rf1 Rb8 26. Rf4 Rxg2 27. Rxf6 Rg1+ 28. Rf1 Rxf1+ 29. Nxf1 b4 30. axb4 Rxb4 31. Ne3 Be4 32. Rc8+ Kh7 33. Ra8 Rb3 34. Kd2 a3 35. Ra4 Bb1 36. Ke2 a2 37. d6 Rb2+ 38. Ke1 Rxh2 0-1

[Event "Mar del Plata op"]
[Site "Mar del Plata"]
[Date "2004.04.06"]
[Round "5"]
[White "Arambel, Sergio Javier"]
[Black "Leskovar, Mario Leopoldo"]
[Result "1/2-1/2"]
[WhiteElo "2271"]
[BlackElo "2369"]
[PlyCount "49"]
[EventDate "2004.04.02"]
[EventType "swiss"]
[EventRounds "9"]
[EventCountry "ARG"]
[SourceTitle "CBM 099 Extra"]
[Source "ChessBase"]
[SourceDate "2004.05.04"]
[SourceVersion "1"]
[SourceVersionDate "2004.05.04"]
[SourceQuality "1"]

1. c4 g6 2. g3 Bg7 3. Bg2 d6 4. Nc3 c5 5. e4 Nc6 6. Nge2 Nf6 7. d3 0-0 8. Rb1 Ne8 9. Be3 Nc7 10. d4 cxd4 11. Nxd4 Ne5 12. b3 Ng4 13. Qd2 Nxe3 14. Qxe3 Ne6 15. Nde2 Bd7 16. 0-0 Bc6 17. Rfd1 a6 18. Nd5 Rb8 19. Rd2 Re8 20. h4 Nf8 21. Rbd1 Qc8 22. Nb6 Qc7 23. Nd5 Qc8 24. Nb6 Qc7 25. Nd5 1/2-1/2

[Event "Olavarria Magistral op 4th"]
[Site "Olavarria"]
[Date "2004.02.29"]
[Round "7.4"]
[White "Hobaica, Juan Pablo"]
[Black "Arambel, Sergio Javier"]
[Result "1-0"]
[WhiteElo "2281"]
[BlackElo "2271"]
[PlyCount "61"]
[EventDate "2004.02.26"]
[EventType "swiss"]
[EventRounds "7"]
[EventCountry "ARG"]
[SourceTitle "EXT 2005"]
[Source "ChessBase"]
[SourceDate "2004.11.15"]
[SourceVersion "1"]
[SourceVersionDate "2004.11.15"]
[SourceQuality "1"]

1. d4 Nf6 2. c4 e6 3. Nc3 Bb4 4. Bg5 h6 5. Bh4 c5 6. d5 Bxc3+ 7. bxc3 d6 8. f3 e5 9. e3 Bf5 10. Bd3 Bxd3 11. Qxd3 Nbd7 12. Ne2 Qe7 13. Ng3 g6 14. 0-0 Qf8 15. f4 Nh7 16. Qb1 Rb8 17. Ne4 f5 18. Qb5 a6 19. Qa4 exf4 20. Rxf4 Rg8 21. Raf1 Rg7 22. Bg3 Kd8 23. R4f2 Ne5 24. Nxc5 Ng5 25. Bf4 Rd7 26. Bxe5 dxe5 27. d6 Rf7 28. h4 b6 29. Nxa6 Ra8 30. hxg5 Rfa7 31. Qc6 1-0

[Event "Olavarria Magistral op 4th"]
[Site "Olavarria"]
[Date "2004.02.27"]
[Round "4.1"]
[White "Perdomo, Leandro Daniel"]
[Black "Arambel, Sergio Javier"]
[Result "1/2-1/2"]
[WhiteElo "2331"]
[BlackElo "2271"]
[PlyCount "55"]
[EventDate "2004.02.26"]
[EventType "swiss"]
[EventRounds "7"]
[EventCountry "ARG"]
[SourceTitle "EXT 2005"]
[Source "ChessBase"]
[SourceDate "2004.11.15"]
[SourceVersion "1"]
[SourceVersionDate "2004.11.15"]
[SourceQuality "1"]

1. d4 Nf6 2. c4 e6 3. Nc3 Bb4 4. e3 c5 5. Bd3 Nc6 6. Nf3 Bxc3+ 7. bxc3 d6 8. e4 e5 9. d5 Ne7 10. Nh4 h6 11. f4 Ng6 12. Nxg6 fxg6 13. 0-0 0-0 14. h3 Qe7 15. Qe1 Bd7 16. Rb1 b6 17. Rb2 Rae8 18. Re2 Rb8 19. g4 Nh7 20. Qg3 g5 21. f5 b5 22. cxb5 Bxb5 23. c4 Ba6 24. Rc2 Rb6 25. Kg2 Rfb8 26. Rh1 Rb1 27. h4 gxh4 28. Qxh4 1/2-1/2

[Event "Olavarria Magistral op 4th"]
[Site "Olavarria"]
[Date "2004.02.26"]
[Round "1.3"]
[White "Arambel, Sergio Javier"]
[Black "Rosito, Jorge"]
[Result "1/2-1/2"]
[WhiteElo "2271"]
[BlackElo "2456"]
[PlyCount "45"]
[EventDate "2004.02.26"]
[EventType "swiss"]
[EventRounds "7"]
[EventCountry "ARG"]
[SourceTitle "EXT 2005"]
[Source "ChessBase"]
[SourceDate "2004.11.15"]
[SourceVersion "1"]
[SourceVersionDate "2004.11.15"]
[SourceQuality "1"]

1. e4 c5 2. Nf3 e6 3. d3 Nc6 4. g3 g6 5. Bg2 Bg7 6. 0-0 Nge7 7. c3 e5 8. Re1 d6 9. a3 0-0 10. b4 b6 11. Nbd2 h6 12. Bb2 Bg4 13. h3 Be6 14. d4 exd4 15. cxd4 cxb4 16. axb4 Nxb4 17. Ba3 a5 18. Rb1 d5 19. e5 Nec6 20. Bf1 Qd7 21. Bb5 Rfc8 22. Qa4 Qb7 23. Kh2 1/2-1/2

[Event "American Continental 02nd"]
[Site "Buenos Aires"]
[Date "2003.08.25"]
[Round "7"]
[White "Arambel, Sergio Javier"]
[Black "Dolezal, Cristian"]
[Result "0-1"]
[WhiteElo "2245"]
[BlackElo "2410"]
[PlyCount "90"]
[EventDate "2003.08.17"]
[EventType "swiss"]
[EventRounds "11"]
[EventCountry "ARG"]
[SourceTitle "CBM 097"]
[Source "ChessBase"]
[SourceDate "2003.11.11"]
[SourceVersion "1"]
[SourceVersionDate "2003.11.11"]
[SourceQuality "1"]

1. c4 g6 2. g3 Bg7 3. Bg2 d6 4. Nc3 e5 5. d3 Nf6 6. e4 Bg4 7. Qb3 Na6 8. h3 Nc5 9. Qc2 Bd7 10. Nge2 Qc8 11. Be3 0-0 12. d4 exd4 13. Nxd4 a5 14. g4 Re8 15. Bf3 Bc6 16. Nxc6 bxc6 17. 0-0 Nfd7 18. Ne2 Rb8 19. Rab1 Ne6 20. Bg2 c5 21. Qd2 Ne5 22. b3 Nc6 23. e5 Qd7 24. f4 Ned4 25. Bxd4 Nxd4 26. Nxd4 cxd4 27. Qxd4 Qe7 28. Rbe1 dxe5 29. Qf2 e4 30. Rxe4 Qb4 31. f5 Rxe4 32. Bxe4 Rd8 33. Kh1 Rd2 34. Qf3 Be5 35. Rf2 Rd4 36. Re2 Rd1+ 37. Kg2 Bd4 38. Qf4 Bc5 39. h4 Rg1+ 40. Kh3 Bd6 41. Qf3 Rg3+ 42. Qxg3 Bxg3 43. Kxg3 Qd6+ 44. Kh3 Qd1 45. Rf2 Qe1 0-1

[Event "American Continental 02nd"]
[Site "Buenos Aires"]
[Date "2003.08.23"]
[Round "6"]
[White "Walsh, Hector"]
[Black "Arambel, Sergio Javier"]
[Result "0-1"]
[WhiteElo "2156"]
[BlackElo "2245"]
[PlyCount "112"]
[EventDate "2003.08.17"]
[EventType "swiss"]
[EventRounds "11"]
[EventCountry "ARG"]
[SourceTitle "CBM 097"]
[Source "ChessBase"]
[SourceDate "2003.11.11"]
[SourceVersion "1"]
[SourceVersionDate "2003.11.11"]
[SourceQuality "1"]

1. e4 c5 2. Nf3 e6 3. d4 cxd4 4. Nxd4 a6 5. Nc3 Qc7 6. g3 Bb4 7. Bd2 Nf6 8. Bg2 Nc6 9. Nb3 0-0 10. 0-0 Rd8 11. f4 d5 12. e5 Nd7 13. Qe2 Nb6 14. Rae1 Nc4 15. Bc1 b5 16. a3 Bf8 17. f5 N6xe5 18. Bf4 f6 19. Kh1 Ra7 20. Nd4 exf5 21. Bxd5+ Rxd5 22. Nxd5 Bb7 23. b3 Bxd5+ 24. Kg1 Bc5 25. c3 Nb6 26. Bxe5 fxe5 27. Rxf5 Bxd4+ 28. cxd4 e4 29. Qg4 Qd7 30. Ref1 Ra8 31. Qf4 h6 32. h4 Be6 33. Re5 Qxd4+ 34. Kh2 Nd5 35. Qxe4 Qxe4 36. Rxe4 Bf7 37. Rd4 Nf6 38. b4 Rc8 39. Rd6 Rc2+ 40. Kg1 Rc3 41. Rxa6 Rxg3+ 42. Kh2 Re3 43. Rg1 Kh7 44. Ra7 Bg6 45. a4 Re4 46. Rb1 Re2+ 47. Kg3 Bxb1 48. axb5 Rb2 49. Ra4 Rb3+ 50. Kf4 Rxb4+ 51. Rxb4 Nd5+ 52. Ke5 Nxb4 53. h5 g6 54. hxg6+ Kxg6 55. b6 Kg5 56. b7 Na6 0-1

[Event "American Continental 02nd"]
[Site "Buenos Aires"]
[Date "2003.08.21"]
[Round "4"]
[White "Aguilar, Mauricio"]
[Black "Arambel, Sergio Javier"]
[Result "0-1"]
[WhiteElo "2133"]
[BlackElo "2245"]
[PlyCount "56"]
[EventDate "2003.08.17"]
[EventType "swiss"]
[EventRounds "11"]
[EventCountry "ARG"]
[SourceTitle "CBM 097"]
[Source "ChessBase"]
[SourceDate "2003.11.11"]
[SourceVersion "1"]
[SourceVersionDate "2003.11.11"]
[SourceQuality "1"]

1. e4 c5 2. d4 cxd4 3. Bc4 e6 4. f4 d5 5. exd5 exd5 6. Bd3 Qh4+ 7. g3 Qe7+ 8. Kf2 Nf6 9. Nf3 Ne4+ 10. Bxe4 dxe4 11. Nxd4 Nd7 12. Nc3 Nf6 13. Re1 Bg4 14. Qd2 0-0-0 15. Ncb5 b6 16. Qc3+ Qc5 17. Nxa7+ Kb7 18. Nac6 Rc8 19. Ne5 Qd5 20. Qe3 Bc5 21. c3 Bxd4 22. cxd4 Rc2+ 23. Bd2 Qa5 24. Nc4 Qb4 25. b3 Bf3 26. Kg1 Ng4 27. Qxf3 exf3 28. Bxb4 Rg2+ 0-1

[Event "Najdorf Memorial op"]
[Site "Buenos Aires"]
[Date "2002.09.28"]
[Round "6.12"]
[White "Arambel, Sergio Javier"]
[Black "De Dovitiis, Alejo"]
[Result "1/2-1/2"]
[WhiteElo "2245"]
[BlackElo "2398"]
[PlyCount "71"]
[EventDate "2002.09.23"]
[EventType "swiss"]
[EventRounds "8"]
[EventCountry "ARG"]
[SourceTitle "CBM 090 Extra"]
[Source "ChessBase"]
[SourceDate "2002.11.07"]
[SourceVersion "1"]
[SourceVersionDate "2002.11.07"]
[SourceQuality "1"]

1. c4 c5 2. g3 g6 3. Bg2 Bg7 4. Nc3 Nc6 5. a3 d6 6. e4 Nd4 7. h3 e6 8. Nge2 Ne7 9. 0-0 0-0 10. Nf4 Rb8 11. d3 a6 12. Bd2 b5 13. cxb5 axb5 14. b4 Qc7 15. Rb1 Bd7 16. Nfe2 Qa7 17. Bf4 e5 18. Bc1 Bc6 19. Kh2 f5 20. f4 Nxe2 21. Nxe2 cxb4 22. Qb3+ Kh8 23. Qxb4 d5 24. Bb2 dxe4 25. dxe4 fxe4 26. Bxe5 Nd5 27. Qd4 Nb6 28. Bxe4 Bxe4 29. Qxe4 Rbe8 30. Qd4 Nc8 31. Qxa7 Nxa7 32. Nd4 Bxe5 33. fxe5 Rxf1 34. Rxf1 Rxe5 35. Rf7 Re4 36. Rd7 1/2-1/2

[Event "Najdorf Memorial op"]
[Site "Buenos Aires"]
[Date "2002.09.27"]
[Round "5.29"]
[White "Arambel, Sergio Javier"]
[Black "Salvatore, Lucas"]
[Result "1-0"]
[WhiteElo "2245"]
[BlackElo "2106"]
[PlyCount "87"]
[EventDate "2002.09.23"]
[EventType "swiss"]
[EventRounds "8"]
[EventCountry "ARG"]
[SourceTitle "CBM 090 Extra"]
[Source "ChessBase"]
[SourceDate "2002.11.07"]
[SourceVersion "1"]
[SourceVersionDate "2002.11.07"]
[SourceQuality "1"]

1. c4 c5 2. g3 g6 3. Bg2 Bg7 4. Nc3 Nc6 5. a3 e6 6. e4 Nge7 7. Nge2 0-0 8. 0-0 a6 9. Rb1 Rb8 10. b4 cxb4 11. axb4 b5 12. cxb5 axb5 13. d4 d5 14. e5 Qb6 15. g4 Bd7 16. Be3 h6 17. Qd2 Kh7 18. Na2 Qc7 19. Rb3 Rh8 20. f4 Nc8 21. Nac1 Nb6 22. Nd3 Nc4 23. Qc1 Ra8 24. Nc5 Ne7 25. Bf2 Ra7 26. Bh4 Nc6 27. f5 exf5 28. Bxd5 Nxd4 29. Nxd4 Qxe5 30. Rd3 Qxd5 31. Nxf5 Qxd3 32. Nxd3 gxf5 33. Bf2 Ra3 34. Nc5 Bc6 35. Qf4 Rf3 36. Qc7 Ba8 37. g5 Kg6 38. Nb7 Be5 39. Qc6+ Nd6 40. Rd1 Bxb7 41. Rxd6+ Bxd6 42. Qxd6+ Kh5 43. Qf6 Rh7 44. g6 1-0

[Event "Najdorf Memorial op"]
[Site "Buenos Aires"]
[Date "2002.09.26"]
[Round "4.26"]
[White "Juarez, Carlos Eleodoro"]
[Black "Arambel, Sergio Javier"]
[Result "1/2-1/2"]
[WhiteElo "2143"]
[BlackElo "2245"]
[PlyCount "78"]
[EventDate "2002.09.23"]
[EventType "swiss"]
[EventRounds "8"]
[EventCountry "ARG"]
[SourceTitle "CBM 090 Extra"]
[Source "ChessBase"]
[SourceDate "2002.11.07"]
[SourceVersion "1"]
[SourceVersionDate "2002.11.07"]
[SourceQuality "1"]

1. e4 c5 2. Nf3 e6 3. d4 cxd4 4. Nxd4 a6 5. Bd3 Nf6 6. Nc3 Qc7 7. 0-0 Nc6 8. Be3 b5 9. Nxc6 dxc6 10. f4 e5 11. h3 Bd6 12. Qf3 Bb7 13. a4 b4 14. Nb1 a5 15. Nd2 exf4 16. Bxf4 Bxf4 17. Qxf4 Qxf4 18. Rxf4 0-0 19. Nb3 Bc8 20. e5 Nd7 21. Re1 Nb6 22. Nc5 Be6 23. b3 Bd5 24. h4 Rfe8 25. Rf2 Ra7 26. h5 Nd7 27. Nxd7 Rxd7 28. Rfe2 h6 29. Kf2 Bxb3 30. cxb3 Rxd3 31. Re3 Rd5 32. g4 Re6 33. Kf3 Kf8 34. Kf4 c5 35. Rc1 Rd4+ 36. Re4 Rd5 37. Rec4 Rexe5 38. Re4 f6 39. Rxe5 Rxe5 1/2-1/2

[Event "Mar del Plata op"]
[Site "Mar del Plata"]
[Date "2002.03.26"]
[Round "5"]
[White "Lafuente, Pablo"]
[Black "Arambel, Sergio Javier"]
[Result "1-0"]
[WhiteElo "2396"]
[BlackElo "2225"]
[PlyCount "67"]
[EventDate "2002.03.23"]
[EventType "swiss"]
[EventRounds "9"]
[EventCountry "ARG"]
[SourceTitle "CBM 087 Extra"]
[Source "ChessBase"]
[SourceDate "2002.05.03"]
[SourceVersion "2"]
[SourceVersionDate "2002.08.09"]
[SourceQuality "1"]

1. b3 c5 2. Bb2 d5 3. e3 Nf6 4. Nf3 g6 5. Bb5+ Bd7 6. Qe2 Bg7 7. 0-0 0-0 8. Bxd7 Nbxd7 9. c4 Qb6 10. d3 Qd6 11. Nc3 a6 12. cxd5 Nxd5 13. Ne4 Qb6 14. Rac1 Rac8 15. Rfd1 N7f6 16. Ne5 Rfd8 17. Ng5 Rf8 18. d4 Bh6 19. Nc4 Qa7 20. Nf3 b5 21. Nce5 cxd4 22. Nxd4 Qb7 23. Ndc6 Rc7 24. Qf3 e6 25. Rc2 Bg7 26. Rdc1 b4 27. Bd4 Nc3 28. Bc5 Nfe4 29. Bxf8 Kxf8 30. Nd8 Qd5 31. Ndxf7 Kg8 32. Rd1 Qb7 33. Rd8+ Bf8 34. Nh6+ 1-0